LEADER 01411nam2-2200409---450- 001 990003682100203316 005 20120802095330.0 010 $a90-64-76185-X 035 $a000368210 035 $aUSA01000368210 035 $a(ALEPH)000368210USA01 035 $a000368210 100 $a20120802d2006----km-y0itay50------ba 101 $amul 102 $aNL 105 $a||||||||001yy 200 1 $a<<91 a:>> <> tax consequences of restructuring of indebtedness (debt work-outs) 210 $aAmersfoort$cIFA$d2006 215 $a712 p.$d23 cm$e1 CD-ROM 300 $aPrima del titolo: Subject I 300 $aAtti di 60th Congress of the International Fiscal Association, Amsterdam 2006 410 0$12001 461 1$1001000208500$12001$aCahiers de droit fiscal international 600 0 $aDiritto tributario internazionale 606 0 $aInsolvenza$2BNCF 676 $a341.751 710 02$aCongress of the International Fiscal Association$d<60. ;$f2006 ;$eAmsterdam>$0612747 801 0$aIT$bsalbc$gISBD 912 $a990003682100203316 951 $a341.751 CON 91a$b891 DIL$c341.751$d00315697 959 $aBK 969 $aDIL 979 $aIANNONE$b90$c20120802$lUSA01$h0940 979 $aIANNONE$b90$c20120802$lUSA01$h0944 979 $aIANNONE$b90$c20120802$lUSA01$h0953 996 $aTax consequences of restructuring of indebtedness (debt work-outs$91140717 997 $aUNISA LEADER 01334nam0 2200337 i 450 001 SUN0126092 005 20200109101921.843 010 $d0.00 017 70$2N$a9783030106508 100 $a20200109d2019 |0engc50 ba 101 $aeng 102 $aCH 105 $a|||| ||||| 200 1 $a*Thermal Field-Flow Fractionation of Polymers$fGuilaume Greyling, Harald Pasch 205 $aCham : Springer, 2019 210 $aXI$d116 p.$cill. ; 24 cm 215 $aPubblicazione in formato elettronico 410 1$1001SUN0126093$12001 $a*Springer Laboratory$1210 $aCham$cSpringer. 620 $aCH$dCham$3SUNL001889 676 $a540$cChimica generale$v22 676 $a543$cChimica analitica$v22 676 $a620.192$cPolimeri$v22 700 1$aGreyling$b, Guillaume$3SUNV097500$0769891 701 1$aPasch$b, Harald$3SUNV097501$0769892 712 $aSpringer$3SUNV000178$4650 801 $aIT$bSOL$c20200921$gRICA 856 4 $uhttps://link.springer.com/book/10.1007%2F978-3-030-10650-8#toc 912 $aSUN0126092 950 $aUFFICIO DI BIBLIOTECA DEL DIPARTIMENTO DI SCIENZE E TECNOLOGIE AMBIENTALI BIOLOGICHE E FARMACEUTICHE$d17CONS e-book 2113 $e17BIB2113 82 20200109 996 $aThermal Field-Flow Fractionation of Polymers$91570101 997 $aUNICAMPANIA LEADER 01907nam0 2200421 i 450 001 VAN00123793 005 20240806100814.583 017 70$2N$a9789462392403 100 $a20191002d2017 |0itac50 ba 101 $aeng 102 $aFR 105 $a|||| ||||| 200 1 $aTopics in Modern Differential Geometry$fStefan Haesen, Leopold Verstraelen editors 210 $a[Paris]$cAtlantis$d2017 215 $avii, 284 p.$cill.$d24 cm 410 1$1001VAN00123534$12001 $aAtlantis Transactions in Geometry$1210 $aParis$cAtlantis$v1 500 1$3VAN00235961$aTopics in Modern Differential Geometry$91562276 606 $a00B15$xCollections of articles of miscellaneous specific interest [MSC 2020]$3VANC023985$2MF 606 $a53-XX$xDifferential geometry [MSC 2020]$3VANC019813$2MF 606 $a53Cxx$xGlobal differential geometry [MSC 2020]$3VANC024095$2MF 606 $a53Dxx$xSymplectic geometry, contact geometry [MSC 2020]$3VANC020242$2MF 610 $aAnisotropic Surfaces$9KW:K 610 $aContact Structures$9KW:K 610 $aDifferential geometry$9KW:K 610 $aLorentzian geometry$9KW:K 610 $aRiemannian geometry$9KW:K 620 $dParis$3VANL000046 702 1$aHaesen$bStefan$3VANV095247 702 1$aVerstraelen$bLeopold$3VANV095248 712 $aAtlantis $3VANV113618$4650 801 $aIT$bSOL$c20250321$gRICA 856 4 $uhttp://doi.org/10.2991/978-94-6239-240-3$zE-book ? Accesso al full-text attraverso riconoscimento IP di Ateneo, proxy e/o Shibboleth 899 $aBIBLIOTECA DEL DIPARTIMENTO DI MATEMATICA E FISICA$1IT-CE0120$2VAN08 912 $fN 912 $aVAN00123793 950 $aBIBLIOTECA DEL DIPARTIMENTO DI MATEMATICA E FISICA$d08DLOAD e-book 0954 $e08eMF954 20191002 996 $aTopics in Modern Differential Geometry$91562276 997 $aUNICAMPANIA